000 00547nam a22001937a 4500
003 BD-ChCU
005 20230725122104.0
008 230725b ii ||||| |||| 00| 0 eng d
020 _a9788123916927
040 _cBD-ChCU
082 _222
_a615.1901
_bK18p
100 _aKar,Ashutosh
_91996
245 _aPharmaceutical analysis ;
_btheory methodology and drug assay
_cAshutosh Kar
260 _aNew Delhi ;
_bCBs Pub.
_cc2017
300 _aV ;1-2
504 _aIncludes Index.
650 0 _aPharmaceutical Analysis
_91998
942 _2ddc
_cBK
_n0
999 _c102364
_d102364